000 00591nam a22001817a 4500
003 UA-OsUOA
001 14710
007 ta
008 20031017b un ||||| |||| 00| 0 ukr d
100 _aСенюта В.
942 _cSA
040 _aUA-OsUOA
_cUA-OsUOA
_dUA-OsUOA
245 _aГалузь дивиться з впевненістю у майбутнє : [Про здобутки лісівників обл.]
300 _aС.1-2
955 _a0
773 0 _w0
_tЗа відродження
_dРівне
_d2003
_g№38/19 верес./
650 7 _aКраєзнавча робота
_2UDC
999 _c300874
_d300874